Konstruktionssystematik : Grundlagen für eine allgemeine Konstruktionnslehre /

Guardado en:
Detalles Bibliográficos
Autor principal: Hansen, Friedrich (Autor)
Formato: Libro
Lenguaje:alemán
Publicado: Berlin : VEB Verlag Technik, 1968
Etiquetas: Agregar Etiqueta
Sin Etiquetas, Sea el primero en etiquetar este registro!

MARC

LEADER 00000nam a22000003a 4500
001 stu36733
005 20150617225727.6
008 920618s1968----gw------------------ger-d
040 |a STU  |b slo 
041 0 |a ger 
044 |a gw 
100 1 |a Hansen, Friedrich  |4 aut 
245 1 |a Konstruktionssystematik :  |b Grundlagen für eine allgemeine Konstruktionnslehre /  |c [aut.]F. Hansen 
260 |a Berlin :  |b VEB Verlag Technik,  |c 1968 
300 |a 191 s 
996 |b 284M012506  |c M*5626-1  |l MMKN  |s A  |a 24  |w stu36733_0001